F1 Race Winners - Statistics

Statistiche generali
  • Questo quiz è stato fatto 40 volte
  • Il punteggio medio è 8 su 17
Answers on the Grid
Answers color-coded by a green-red scale on the quiz's grid according to % correct below.
Lando Norris
Nikita Mazepin
Rene Arnoux
Mario Andretti
Pastor Maldonado
Chris Amon
Esteban Ocon
Giancarlo Fisichella
Luigi Fagioli
Vita Antonio Liuzzi
Jean Alesi
Roman Grosjean
Michael Schumacher
Wolfgang von Trips
Stefan Johansson
Gianni Morbidelli
Marc Gene
Pierre Gasly
Sebastian Vettel
Olivier Panis
Louis Chiron
Jo Siffert
Juan Pablo Montoya
Ludovico Scarfiotti
Lance Stroll
Lewis Hamilton
Alexander Albon
Yuji Ide
Peter Gethin
Eugenio Castellotti
 
Statistiche sulle risposte
Risposta % Corretto
Lando Norris
97%
Michael Schumacher
79%
Sebastian Vettel
79%
Giancarlo Fisichella
68%
Lewis Hamilton
65%
Mario Andretti
56%
Pierre Gasly
56%
Juan Pablo Montoya
53%
Jean Alesi
50%
Esteban Ocon
41%
Rene Arnoux
35%
Luigi Fagioli
32%
Pastor Maldonado
32%
Wolfgang von Trips
24%
Ludovico Scarfiotti
12%
Olivier Panis
12%
Peter Gethin
6%
Nessun quiz corrispondente trovato
Distribuzione punteggi
Percentuale di utenti per punteggio
Percentile per numero di risposta
I tuoi punteggi nel tempo
Non hai fatto questo quiz